গল্প সমগ্র (১) / (Record no. 1551934)

MARC details
000 -LEADER
fixed length control field 00766nam a2200253 4500
005 - DATE AND TIME OF LATEST TRANSACTION
control field 20220906115222.0
008 - FIXED-LENGTH DATA ELEMENTS--GENERAL INFORMATION
fixed length control field 220906s2020 ii ||||g |||| 00| j ben d
020 ## - INTERNATIONAL STANDARD BOOK NUMBER
Price Rs.250.00
040 ## - CATALOGING SOURCE
Original cataloging agency NLI
Language of cataloging ben
Transcribing agency Bengali Division
041 0# - LANGUAGE CODE
Language code of text/sound track or separate title ben
044 ## - COUNTRY OF PUBLISHING/PRODUCING ENTITY CODE
MARC country code ii
082 04 - DEWEY DECIMAL CLASSIFICATION NUMBER
Edition number 23rd ed.
Classification number B 891.443
Book number K 5561 ga
100 1# - MAIN ENTRY--PERSONAL NAME
Linkage 880-01
Personal name কর, অমল
9 (RLIN) 692780
245 10 - TITLE STATEMENT
Linkage 880-02
Title গল্প সমগ্র (১) /
Statement of responsibility, etc. অমল কর
260 ## - PUBLICATION, DISTRIBUTION, ETC.
Place of publication, distribution, etc. হাওড়া :
Name of publisher, distributor, etc. সারঙ্গ প্রকাশনী ,
Date of publication, distribution, etc. 2020
300 ## - PHYSICAL DESCRIPTION
Extent 247p.;
Dimensions 22cm.
650 #0 - SUBJECT ADDED ENTRY--TOPICAL TERM
Topical term or geographic name entry element Short stories, Bengali
700 1# - ADDED ENTRY--PERSONAL NAME
Linkage 880-03
852 ## - LOCATION
Location BB
880 1# - ALTERNATE GRAPHIC REPRESENTATION
Linkage 100-01
a Kar, Amal
880 1# - ALTERNATE GRAPHIC REPRESENTATION
Linkage 245-02
a Galpa samagra (1) /
c Amal Kar
887 ## - NON-MARC INFORMATION FIELD
Data Entry Operator Name / Verifier Name PromitaP
942 ## - ADDED ENTRY ELEMENTS (KOHA)
Source of classification or shelving scheme Dewey Decimal Classification
Koha item type Books
Holdings
Date last seen Total Checkouts Full call number Barcode Price effective from Koha item type Lost status Source of classification or shelving scheme Materials specified (bound volume or other part) Damaged status Not for loan Collection code Withdrawn status Home library Current library Shelving location Date acquired Source of acquisition
06/09/2022   B 891.443 K 5561 ga DBA000110321BEN 06/09/2022 Books   Dewey Decimal Classification hbk     Bengali   National Library of India National Library of India Bengali - Books - Main Stack Division 01/09/2022 DB ACT
                                                                           
web counter

Copyright ©2020 The National Library of India, Govt. of India ↔ Hosted by NVLI, MOC ↔ Technology and Design by National Library of India, Ministry of Culture, Govt. of India